Normal view
MARC view
- Ali Wasif, Wasif
Entry Personal Name
001 - CONTROL NUMBER
- control field: 129836
003 - CONTROL NUMBER IDENTIFIER
- control field: NUST
005 - DATE AND TIME OF LATEST TRANSACTION
- control field: 20250715143704.0
008 - FIXED-LENGTH DATA ELEMENTS
- fixed length control field: 250715|| aca||aabn | a|a d
040 ## - CATALOGING SOURCE
- Original cataloging agency: NUST
- Transcribing agency: NUST
100 ## - HEADING--PERSONAL NAME
- Personal name: Ali Wasif, Wasif
670 ## - SOURCE DATA FOUND
- Source citation: Work cat.: (NUST): Ali Wasif, Wasif , Qatra qatra qulzam (قطرہ قطرہ قلزم) /, 1999
